<?xml version="1.0" encoding="UTF-8"?>
<collection xmlns="http://www.loc.gov/MARC21/slim">
 <record>
  <leader>00949nam a2200217 a 4500</leader>
  <controlfield tag="001">1/32281</controlfield>
  <controlfield tag="008">070411n19--    gr            00010 eng  </controlfield>
  <datafield tag="020" ind1=" " ind2=" ">
   <subfield code="a">9602062002</subfield>
  </datafield>
  <datafield tag="035" ind1=" " ind2=" ">
   <subfield code="l">34645</subfield>
  </datafield>
  <datafield tag="040" ind1=" " ind2=" ">
   <subfield code="a">GR-PeUP</subfield>
  </datafield>
  <datafield tag="082" ind1="0" ind2="0">
   <subfield code="a">180 CIC</subfield>
  </datafield>
  <datafield tag="100" ind1="1" ind2=" ">
   <subfield code="a">Cicero, Marcus Tulius,</subfield>
   <subfield code="d">106-43 π.Χ.</subfield>
  </datafield>
  <datafield tag="245" ind1="1" ind2="0">
   <subfield code="a">Tusculanarum disputationum ad Brutum libri quinque/</subfield>
   <subfield code="c">M. Tullii Ciceronis.</subfield>
  </datafield>
  <datafield tag="246" ind1="3" ind2="8">
   <subfield code="i">Τίτλος ράχης:</subfield>
   <subfield code="a">Tusculanarum disputationum libri quinque I-V.</subfield>
  </datafield>
  <datafield tag="260" ind1="0" ind2=" ">
   <subfield code="a">[Αθήνα]:</subfield>
   <subfield code="b">[Δημ Ν. Παπαδήμας],</subfield>
   <subfield code="c">[19--].</subfield>
  </datafield>
  <datafield tag="300" ind1=" " ind2=" ">
   <subfield code="a">σ. 277-466;</subfield>
   <subfield code="c">17 εκ.</subfield>
  </datafield>
  <datafield tag="500" ind1=" " ind2=" ">
   <subfield code="a">Το κείμενο στη λατινική γλώσσα.</subfield>
  </datafield>
  <datafield tag="500" ind1=" " ind2=" ">
   <subfield code="a">Ανατύπωση από: Lipsiae: In Aedibus B. G. Teubneri.</subfield>
  </datafield>
  <datafield tag="600" ind1="1" ind2="4">
   <subfield code="a">Cicero, Marcus Tullius,</subfield>
   <subfield code="d">106-43</subfield>
   <subfield code="x">Ερμηνεία και κριτική.</subfield>
  </datafield>
  <datafield tag="650" ind1=" " ind2="4">
   <subfield code="a">Φιλοσοφία, Λατινική.</subfield>
  </datafield>
  <datafield tag="852" ind1=" " ind2=" ">
   <subfield code="a">INST</subfield>
   <subfield code="b">UNIPILB</subfield>
   <subfield code="c">MAIN</subfield>
   <subfield code="e">20070411</subfield>
   <subfield code="h">180 CIC</subfield>
   <subfield code="p">00151736</subfield>
   <subfield code="q">00151736</subfield>
   <subfield code="t">LOAN</subfield>
   <subfield code="y">0</subfield>
   <subfield code="4">1</subfield>
  </datafield>
 </record>
</collection>
